The Monocle book of Japan

Saved in:
Bibliographic Details
Other Authors Wilson, Fiona (Editor), Pickard, Joe (Editor)
Format Book
LanguageEnglish
Published London ; New York : MONOCLE and Thames & Hudson, 2020
EditionFirst published
Subjects
ISBN978-0-500-97107-9
Physical Description305 stran : ilustrace (převážně barevné) ; 31 cm

Cover

LEADER 00000nam a2200000 i 4500
001 115629
003 CZ ZlUTB
005 20260511102220.0
007 ta
008 260511s2020 xxka e 001 0 eng d
020 |a 978-0-500-97107-9  |q (vázáno) 
040 |a ZLD002  |b cze  |e rda 
043 |a a-ja--- 
044 |a xxk  |a xxu 
045 |a y-y- 
072 7 |a 316.7  |x Sociologie kultury. Kulturní život  |2 Konspekt  |9 1 
080 |a 39  |2 MRF 
080 |a 316.7  |2 MRF 
080 |a (520)  |2 MRF 
080 |a (0:82-992)  |2 MRF 
080 |a (084.11)  |2 MRF 
245 0 4 |a The Monocle book of Japan /  |c edited by Fiona Wilson, Joe Pickard 
250 |a First published 
264 1 |a London ;  |a New York :  |b MONOCLE and Thames & Hudson,  |c 2020 
300 |a 305 stran :  |b ilustrace (převážně barevné) ;  |c 31 cm 
336 |a text  |b txt  |2 rdacontent 
336 |a statický obraz  |b sti  |2 rdacontent 
337 |a bez média  |b n  |2 rdamedia 
338 |a svazek  |b nc  |2 rdacarrier 
500 |a Obsahuje rejstřík 
500 |a Dotisk 2025 
648 7 |a 21. století  |7 ch460559  |2 czenas 
650 0 7 |a zvyky a obyčeje  |7 ph137519  |2 czenas 
650 0 7 |a kultura  |7 ph122009  |2 czenas 
650 0 9 |a manners and customs  |2 eczenas 
650 0 9 |a culture  |2 eczenas 
651 7 |a Japonsko  |7 ge129425  |2 czenas 
651 9 |a Japan  |2 eczenas 
655 7 |a cestopisy  |7 fd131956  |2 czenas 
655 7 |a obrazové publikace  |7 fd132947  |2 czenas 
655 9 |a books of travels  |2 eczenas 
655 9 |a pictorial works  |2 eczenas 
700 1 |a Wilson, Fiona  |4 edt 
700 1 |a Pickard, Joe  |7 jcu20241247679  |4 edt 
710 2 |a Thames and Hudson  |7 xx0244774  |4 pbl 
910 |a ZLD002 
942 |2 udc 
952 |0 0  |1 0  |4 0  |5 0  |6 91MONOCLE  |7 -1  |8 BOOK  |9 191088  |a UTBZL  |b UTBZL  |c 005  |d 2026-05-11  |l 0  |o 91/MONOCLE  |p 420010201971  |r 2026-05-11 10:20:41  |v 755.00  |w 2026-05-11  |x N:nákup  |y 01 
992 |b SKNEW 
999 |c 115629  |d 115629